| 000 | 00683cam a2200217 a 4500 | ||
|---|---|---|---|
| 020 | _a019434150X (pbk. : v. 1) | ||
| 020 | _a0194341526 (pbk. : v. 2) | ||
| 020 | _a0194341542 (teacher's guide) | ||
| 040 | _cDLC | ||
| 082 | 0 | 0 | _a428 OXF 1984 A023 Or. |
| 100 | 1 | _aRichards, Jack C., | |
| 245 | 1 | 0 |
_aPerson to person : _bcommunicative speaking and listening skills / |
| 260 |
_aNew York, N.Y., USA : _bOxford University Press, _cc1984. |
||
| 300 |
_a2 v. : _bill. ; _c25 cm. + _eteacher's guide for books 1 and 2. |
||
| 650 | 0 | _aEnglish language | |
| 650 | 0 | _aEnglish language | |
| 650 | 0 | _aOral communication | |
| 650 | 0 | _aListening | |
| 700 | 1 | _aBycina, David. | |
| 942 | _cEK | ||
| 999 |
_c13853 _d13853 |
||